|
|
|
|
| LEADER |
01715nam a2200325 a 4500 |
| 001 |
725046 |
| 008 |
100222r20091998caua b 001 0 eng d |
| 010 |
|
|
|a 98012048
|
| 020 |
|
|
|a 9781558604742
|
| 020 |
|
|
|a 9788131216408
|
| 020 |
|
|
|a 155860474X
|
| 020 |
|
|
|a 1558605479
|
| 040 |
|
|
|a DLC
|c DLC
|d DLC
|d DB-DhAAL
|
| 082 |
0 |
0 |
|a 004
|2 21
|
| 100 |
1 |
|
|a Greenlaw, Raymond.
|
| 245 |
1 |
0 |
|a Fundamentals of the theory of computation :
|b principles and practice /
|c Raymond Greenlaw, H. James Hoover.
|
| 260 |
|
|
|a San Francisco, Calif. :
|b Morgan Kaufmann,
|c c1998.[reprinted 2009]
|
| 300 |
|
|
|a xvi, 336 p. :
|b ill. ;
|c 25 cm.
|
| 504 |
|
|
|a Includes bibliographical references (p. 323-326) and index.
|
| 541 |
1 |
|
|e 00019812
|
| 650 |
|
0 |
|a Computer science.
|
| 650 |
|
0 |
|a Computer algorithms.
|
| 700 |
1 |
|
|a Hoover, H. James.
|
| 852 |
4 |
|
|a Ayesha Abed Library
|j General Shelf.
|
| 999 |
|
|
|c 7656
|d 7656
|
| 952 |
|
|
|0 0
|1 0
|2 ddc
|4 0
|6 004_GRE_200900000000000
|7 0
|9 8381
|a BRACUL
|b BRACUL
|c GEN
|d 2010-02-22
|l 7
|m 19
|o 004 GRE
|p 3010019812
|r 2025-04-09
|s 2025-04-08
|t 1
|w 2010-02-22
|y BK
|
| 952 |
|
|
|0 0
|1 0
|2 ddc
|4 0
|6 004_000000000000000_GRE
|7 0
|9 13389
|a BRACUL
|b BRACUL
|c GEN
|d 2010-12-02
|g 263.00
|l 1
|m 11
|o 004 GRE
|p 3010013099
|r 2023-12-28
|s 2023-10-01
|t 2
|w 2010-12-02
|y BK
|
| 952 |
|
|
|0 0
|1 0
|2 ddc
|4 0
|6 004_GRE_199800000000000
|7 0
|9 14452
|a BRACUL
|b BRACUL
|c GEN
|d 2011-02-26
|l 1
|m 30
|o 004 GRE
|p 3010015797
|q 2022-10-12
|r 2019-12-09
|s 2019-12-09
|t 3
|w 2011-02-26
|y BK
|
| 952 |
|
|
|0 0
|1 0
|2 ddc
|4 0
|6 004_GRE_199800000000000
|7 0
|9 14453
|a BRACUL
|b BRACUL
|c GEN
|d 2011-02-26
|l 0
|o 004 GRE
|p 3010015798
|r 2011-02-26
|t 4
|w 2011-02-26
|y BK
|
| 952 |
|
|
|0 0
|1 0
|2 ddc
|4 0
|6 004_GRE_199800000000000
|7 0
|9 14454
|a BRACUL
|b BRACUL
|c GEN
|d 2011-02-26
|l 1
|o 004 GRE
|p 3010015799
|r 2025-08-25
|s 2025-08-18
|t 5
|w 2011-02-26
|y BK
|